The Shape Of Things: (Record no. 174700)
[ view plain ]
| 000 -LEADER | |
|---|---|
| fixed length control field | 00708 a2200169 4500 |
| 003 - CONTROL NUMBER IDENTIFIER | |
| control field | NUST |
| 005 - DATE AND TIME OF LATEST TRANSACTION | |
| control field | 20230120181621.0 |
| 040 ## - CATALOGING SOURCE | |
| Transcribing agency | Nust |
| 082 ## - DEWEY DECIMAL CLASSIFICATION NUMBER | |
| Classification number | 745.4,CAR |
| 100 ## - MAIN ENTRY--PERSONAL NAME | |
| Personal name | Carrington, Noel |
| 9 (RLIN) | 107295 |
| 245 ## - TITLE STATEMENT | |
| Title | The Shape Of Things: |
| Remainder of title | An Introduction to Design / |
| Statement of responsibility, etc. | Noel Carrington |
| 260 ## - PUBLICATION, DISTRIBUTION, ETC. | |
| Place of publication, distribution, etc. | London |
| Name of publisher, distributor, etc. | Nicholson & Watsons |
| Date of publication, distribution, etc. | 1945 |
| 300 ## - PHYSICAL DESCRIPTION | |
| Extent | 190:p. |
| 505 ## - FORMATTED CONTENTS NOTE | |
| Formatted contents note | Nature and Instruments of Design (Page-1), Taste and Fashion (Page-21), Common Utensils (Page-40), Furniture (Page-63), The House (Page-83), Vehicles and Travel (Page-109), The Countryside (Page-127), The City (Page-150), Artist and Machine (Page-172), Conclusion (Page-184). |
| 650 ## - SUBJECT ADDED ENTRY--TOPICAL TERM | |
| Topical term or geographic name entry element | Design |
| 9 (RLIN) | 25070 |
| 942 ## - ADDED ENTRY ELEMENTS (KOHA) | |
| Source of classification or shelving scheme | |
| Koha item type | Book |
| Call number prefix | 745.4,CAR |
| Withdrawn status | Lost status | Source of classification or shelving scheme | Damaged status | Not for loan | Permanent Location | Current Location | Shelving location | Date acquired | Full call number | Barcode | Date last seen | Price effective from | Koha item type | Public note |
|---|---|---|---|---|---|---|---|---|---|---|---|---|---|---|
| Military College of Signals (MCS) | Military College of Signals (MCS) | General Stacks | 12/12/2016 | 745.4,CAR | MCS30176 | 12/08/2016 | 12/12/2016 | Book | Almirah No.55, Shelf No.6 |
